Movies Quiz

Random Movies or Oscar Quiz

Oscar Winners in The Player Quiz Stats

 Plays Quiz not verified by Sporcle

Support Sporcle.
Go Orange.
Score 0/12 Timer 03:00
0 Plays Today
Award Oscar Winner % Correct
Best ActressJulia Roberts
98.4%
Best Supporting ActressWhoopi Goldberg
92.7%
Best Supporting ActorTim Robbins
88.7%
Best ActressSusan Sarandon
88.7%
Best ActressCher
87.1%
Best ActressLouise Fletcher
79.8%
Best ActressMarlee Matlin
66.1%
Best Supporting ActressAnjelica Huston
62.1%
Best Supporting ActorJoel Grey
58.1%
Best DirectorSydney Pollack
57.3%
Best Supporting ActorJames Coburn
50%
Best Supporting ActorJack Lemmon
45.2%

You're not logged in!

Compare scores with friends on all Sporcle quizzes.
OR
Log In

From the Vault

Secret Country IX

by goc3

Our lips are sealed.
Remove Ads.
Support Sporcle.
Get the best of Sporcle when you Go Orange. This ad-free experience offers more features, more stats, and more fun while also helping to support Sporcle. Thank you for becoming a member.

Show Comments

Extras

Top Quizzes Today


Score Distribution

Your Account Isn't Verified!

In order to create a playlist on Sporcle, you need to verify the email address you used during registration. Go to your Sporcle Settings to finish the process.

Report this User

Report this user for behavior that violates our Community Guidelines.

Details: